<?xml version="1.0" encoding="UTF-8"?>
<collection xmlns="http://www.loc.gov/MARC21/slim">
 <record>
  <leader>00544pamaa2200169   4500</leader>
  <controlfield tag="001">0000020032</controlfield>
  <controlfield tag="005">20080312090000.0</controlfield>
  <datafield tag="020" ind1="0" ind2="0">
   <subfield code="a">1856191524 </subfield>
  </datafield>
  <datafield tag="082" ind1=" " ind2=" ">
   <subfield code="a">368.006542 MAN</subfield>
  </datafield>
  <datafield tag="090" ind1="0" ind2="0">
   <subfield code="a">HG8039 </subfield>
   <subfield code="b">MAN 1992</subfield>
  </datafield>
  <datafield tag="100" ind1="1" ind2="0">
   <subfield code="a">MANTLE </subfield>
  </datafield>
  <datafield tag="245" ind1="1" ind2="0">
   <subfield code="a">For whom the bell tolls : </subfield>
   <subfield code="b">the lesson of Lloyd's of London  </subfield>
   <subfield code="c">Jonathan Mantle.</subfield>
  </datafield>
  <datafield tag="260" ind1="0" ind2="0">
   <subfield code="a">London: </subfield>
   <subfield code="b">Sinclair-Stevenson, </subfield>
   <subfield code="c">c1992.</subfield>
  </datafield>
  <datafield tag="300" ind1=" " ind2=" ">
   <subfield code="a">xiii, 369p.: </subfield>
   <subfield code="b">[8] p. of plates : ill.; </subfield>
   <subfield code="c">24cm.</subfield>
  </datafield>
  <datafield tag="610" ind1="2" ind2="0">
   <subfield code="a">Lloyd's (Firm) </subfield>
  </datafield>
  <datafield tag="650" ind1="0" ind2="0">
   <subfield code="a">Insurance companies, British </subfield>
  </datafield>
  <datafield tag="650" ind1="0" ind2="0">
   <subfield code="a">Insurance companies -- </subfield>
   <subfield code="z">Great Britain </subfield>
  </datafield>
 </record>
</collection>
